5HLuxD.jpg

KING HENRY VIII SENIOR AND PRIMARY SCHOOL LIBRARY OPAC

Time zones 3 / (Record no. 2783)

000 -LEADER
fixed length control field 00877cam a2200277Ma 4500
001 - CONTROL NUMBER
control field .b18512999
003 - CONTROL NUMBER IDENTIFIER
control field OCoLC
005 - DATE AND TIME OF LATEST TRANSACTION
control field 20230821105345.0
008 - FIXED-LENGTH DATA ELEMENTS--GENERAL INFORMATION
fixed length control field 160823s2016 maua 000 0 eng d
020 ## - INTERNATIONAL STANDARD BOOK NUMBER
International Standard Book Number 9781305510739
035 ## - SYSTEM CONTROL NUMBER
System control number (OCoLC)970549689
040 ## - CATALOGING SOURCE
Original cataloging agency spa
Description conventions rda
Transcribing agency I8M
Modifying agency OCLCO
-- OCLCF
-- PTTCL
-- KH8
042 ## - AUTHENTICATION CODE
Authentication code nbic
082 ## - DEWEY DECIMAL CLASSIFICATION NUMBER
Classification number 400 BOH
100 1# - MAIN ENTRY--PERSONAL NAME
Personal name Bohlke, David,
Relator term author.
245 10 - TITLE STATEMENT
Title Time zones 3 /
Statement of responsibility, etc. David Bohlke, Jennifer Wilkin.
250 ## - EDITION STATEMENT
Edition statement Second edition.
260 ## - PUBLICATION, DISTRIBUTION, ETC.
Place of publication, distribution, etc. Boston, MA :
Name of publisher, distributor, etc. National Geographic Learning :
-- Cengage Learning,
Date of publication, distribution, etc. 2016.
300 ## - PHYSICAL DESCRIPTION
Extent 143 p. :
Other physical details col. ill. ;
Dimensions 28 cm.
440 ## - SERIES STATEMENT/ADDED ENTRY--TITLE
Title Time Zones
Number of part/section of a work 3
505 1# - FORMATTED CONTENTS NOTE
Miscellaneous information Student book --
-- Workbook --
-- Teacher's edition.
650 #0 - SUBJECT ADDED ENTRY--TOPICAL TERM
Topical term or geographic name entry element English language
Form subdivision Textbooks for foreign speakers.
650 #7 - SUBJECT ADDED ENTRY--TOPICAL TERM
Topical term or geographic name entry element English language.
Source of heading or term fast.
700 1# - ADDED ENTRY--PERSONAL NAME
Personal name Wilkin, Jennifer,
Relator term author.
942 ## - ADDED ENTRY ELEMENTS (KOHA)
Source of classification or shelving scheme
Koha item type Teaching Resources
Holdings
Withdrawn status Lost status Source of classification or shelving scheme Damaged status Not for loan Collection code Permanent Location Current Location Shelving location Date acquired Total Checkouts Full call number Barcode Date due Date last seen Date last checked out Price effective from Koha item type
          Teaching Resources KH8 Senior School Library KH8 Senior School Library Staff Office 2023-08-21 1 400 BOH TRKHSL002182 2025-07-04 2024-11-07 2024-11-07 2023-08-21 Teaching Resources
          Teaching Resources KH8 Senior School Library KH8 Senior School Library Staff Office 2023-08-21 1 400 BOH TRKHSL002183 2025-07-04 2024-11-07 2024-11-07 2023-08-21 Teaching Resources
          Teaching Resources KH8 Senior School Library KH8 Senior School Library Staff Office 2023-08-21 1 400 BOH TRKHSL002184 2025-07-04 2024-11-07 2024-11-07 2023-08-21 Teaching Resources
          Teaching Resources KH8 Senior School Library KH8 Senior School Library Staff Office 2023-08-21 1 400 BOH TRKHSL002185 2025-07-04 2024-11-07 2024-11-07 2023-08-21 Teaching Resources
          Teaching Resources KH8 Senior School Library KH8 Senior School Library Staff Office 2023-08-21 1 400 BOH TRKHSL002186 2025-07-04 2024-11-07 2024-11-07 2023-08-21 Teaching Resources
          Teaching Resources KH8 Senior School Library KH8 Senior School Library Staff Office 2023-08-21 1 400 BOH TRKHSL002187 2025-07-04 2024-11-07 2024-11-07 2023-08-21 Teaching Resources
          Teaching Resources KH8 Senior School Library KH8 Senior School Library Staff Office 2023-08-21 1 400 BOH TRKHSL002188 2025-07-04 2024-11-07 2024-11-07 2023-08-21 Teaching Resources

Powered By KH8 IT Dept